José Donoso : la destrucción de un mundo /
Na minha lista:
| Autor principal: | |
|---|---|
| Formato: | Desconhecido |
| Idioma: | Spanish |
| Publicado em: |
Buenos Aires :
Fernando García Cambeiro,
1975.
|
| Colecção: | (Colección Estudios Latinoamericanos ;
14) |
| Assuntos: | |
| Tags: |
Adicionar Tag
Sem tags, seja o primeiro a adicionar uma tag!
|
MARC
| LEADER | 000000000a22000000004500 | ||
|---|---|---|---|
| 001 | 004482 | ||
| 041 | 0 | |a spa | |
| 082 | 0 | 4 | |a Ch863.09D |b D687j |
| 100 | 1 | |a Promis Ojeda, José | |
| 245 | 1 | 0 | |a José Donoso : |b la destrucción de un mundo / |c José Promis Ojeda. |
| 260 | 1 | |a Buenos Aires : |b Fernando García Cambeiro, |c 1975. | |
| 300 | |a 170 páginas | ||
| 490 | 1 | |a (Colección Estudios Latinoamericanos ; |v 14) | |
| 500 | |a Colección George Yúdice | ||
| 505 | |a Contenido: Introducción / Antonio Cornejo Polar -- La desintegración del orden en la novela de José Donoso / José Promis Ojeda -- Coronación, la espectacularidad de lo grotesco / Cedomil Goic -- Este domingo. La autenticidad del relato novelesco / Raúl Bueno Chávez -- La inversión como norma. A propósito de el lugar sin límites / Fernando Moreno Turner -- El obsceno pájaro de la noche: la reversabilidad de la metáfora / Antonio Cornejo Polar -- El narrador en el laberinto / Cedomil Goic -- El "Imbunche" / Driana Valdés -- Estudio de un motivo en el obsceno pájaro de la noche -- Donoso: fabulación y realidad / Edmundo Bendezú | ||
| 650 | 4 | |a LITERATURA CHILENA | |
| 650 | 4 | |a NOVELA | |
| 650 | 4 | |a DONOSO, JOSE, | |
| 650 | 4 | |a CRITICA E INTERPRETACION | |
| 999 | |c 10641 |d 10641 | ||
| 942 | |c BK |h Ch863.09D D687j |2 z | ||
